The junior classics : (Record no. 145326)

MARC details
000 -LEADER
fixed length control field 00536nam a22001697a 4500
005 - DATE AND TIME OF LATEST TRANSACTION
control field 20170922145444.0
010 ## - LCCN (DPL NO)
LC control number 1718EN-30
020 ## - INTERNATIONAL STANDARD BOOK NUMBER
International Standard Book Number 9789386367662
Terms of availability 695.00
037 ## - SOURCE OF ACQUISITION
Source of stock number/acquisition Alpna Edition
Stock number dpl
100 ## - MAIN ENTRY--PERSONAL NAME
Personal name Patten, William
245 ## - TITLE STATEMENT
Title The junior classics :
Statement of responsibility, etc by William Patten
Remainder of title animal and nature stories /
260 ## - PUBLICATION, DISTRIBUTION, ETC. (IMPRINT)
Place of publication, distribution, etc New Delhi
Name of publisher, distributor, etc Alpna Edition
Date of publication, distribution, etc 2017
270 ## - ADDRESS
Address 2/41, Ansari Road, Darya Ganj,
City New Delhi
Postal code 110002
300 ## - PHYSICAL DESCRIPTION
Extent 447p.
Dimensions 23cm(pbk)
942 ## - ADDED ENTRY ELEMENTS (KOHA)
Source of classification or shelving scheme Dewey Decimal Classification
Item type English Books
Call number suffix PAT

No items available.


© Delhi Public Library
Hit Counter
free hit counter